La religión judía : (Record n. 10865)

Dettagli MARC
000 -LEADER
fixed length control field 00997nam a2200301 i 4500
003 - CONTROL NUMBER IDENTIFIER
control field IT-RoINE
005 - DATE AND TIME OF LATEST TRANSACTION
control field 20180904110829.0
008 - FIXED-LENGTH DATA ELEMENTS--GENERAL INFORMATION
fixed length control field 030408s2002 sp | ||1 ||spa d
020 ## - INTERNATIONAL STANDARD BOOK NUMBER
International Standard Book Number 8479146265
040 ## - CATALOGING SOURCE
Original cataloging agency SpMaBN
Transcribing agency SpMaBN IT-RoINE
Modifying agency IT-RoINE
100 1# - MAIN ENTRY--PERSONAL NAME
Personal name Rodríguez Carmona, Antonio,
Dates associated with a name 1933-
9 (RLIN) 3104
245 13 - TITLE STATEMENT
Title La religión judía :
Remainder of title historia y teología /
Statement of responsibility, etc Antonio Rodríguez Carmona.
250 ## - EDITION STATEMENT
Edition statement 2ª ed. (act.)
260 ## - PUBLICATION, DISTRIBUTION, ETC. (IMPRINT)
Place of publication, distribution, etc Madrid :
Name of publisher, distributor, etc Biblioteca de Autores Cristianos,
Date of publication, distribution, etc 2002.
300 ## - PHYSICAL DESCRIPTION
Extent XXXVI, 761 p. ;
Dimensions 20 cm.
336 ## - CONTENT TYPE
Source rdacontent
Content type term text
337 ## - MEDIA TYPE
Source rdamedia
Media type term unmediated
338 ## - CARRIER TYPE
Source rdacarrier
Carrier type term volume
490 1# - SERIES STATEMENT
Series statement Biblioteca de autores cristianos ;
Volume number/sequential designation 611
490 1# - SERIES STATEMENT
Series statement Semina verbi
500 ## - GENERAL NOTE
General note Incluye índices.
504 ## - BIBLIOGRAPHY, ETC. NOTE
Bibliography, etc Bibliografía: p. [695]-701.
650 #4 - SUBJECT ADDED ENTRY--TOPICAL TERM
Topical term or geographic name as entry element Judaísmo
General subdivision Doctrinas
9 (RLIN) 22487
650 #4 - SUBJECT ADDED ENTRY--TOPICAL TERM
9 (RLIN) 22486
Topical term or geographic name as entry element Judaísmo
General subdivision Historia
830 #0 - SERIES ADDED ENTRY--UNIFORM TITLE
9 (RLIN) 843
Uniform title Biblioteca de Autores Cristianos ;
Volume number/sequential designation 611
830 #0 - SERIES ADDED ENTRY--UNIFORM TITLE
9 (RLIN) 13877
Uniform title Semina Verbi
942 ## - ADDED ENTRY ELEMENTS (KOHA)
Item type Monografías
Dati di copia
Withdrawn status Lost status Damaged status Not for loan Home library Current library Date acquired Total Checkouts Full call number Barcode Date last seen Price effective from Koha item type
        Iglesia Nacional Española en Roma Iglesia Nacional Española en Roma 28/01/2016   COL.A 16.611 18785 28/01/2016 28/01/2016 Monografías